Mecanismos de movilidad social población de procedencia africana en Costa Rica: manumisión y mestizaje /

Gorde:
Xehetasun bibliografikoak
Egile nagusia: Gudmundson, Lowell
Formatua: Texto
Etiketak: Etiketa erantsi
Etiketarik gabe, Izan zaitez lehena erregistro honi etiketa jartzen!

MARC

LEADER 00000 a a2200000 04500
001 15706
003
040
100 |a Gudmundson, Lowell  
245 |a Mecanismos de movilidad social población de procedencia africana en Costa Rica:   |b manumisión y mestizaje /  |c Lowell Gudmundson 
773 |g número 3; páginas 131-182  
999 |c 36941  |d 36941